000 00240nam a22000857a 4500
008 160820b xxu||||| |||| 00| 0 eng d
100 _9194
_aRamjiyani S
245 _aMathematics for class IX
260 _aNew Delhi
_bGoyal Brothers publication
_c2010
999 _c2852
_d2852